000 00358 a2200133 4500
000 nam a22 7a 4500
100 _aSingh, Kavita
110 _aSingh, Kavita
245 _aOrganizational Behaviour: Text and Cases
250 _a3rd/Latest edition
260 _bvikas Publishing House
_c2023
264 _bvikas Publishing House
_c2023
942 _cBK
999 _c396961
_d396961